000 00312nam a22001457a 4500
003 SGT
082 _a343.80954,GUP
100 _aGUPTA,S.N
245 _aLAW RELATING TO GUARANTEES...
250 _a7TH
260 _aNEW DELHI
_bUNIVERSAL BOOKS
_c2014
300 _a992
650 _aBANKING LAW
942 _2ddc
_cBK
999 _c9725
_d9725